[Event "Dhaka Rating op"]
[Site "Dhaka"]
[Date "2019.05.24"]
[Round "2"]
[White "Jabed, Al Azad"]
[Black "Md Saifur, Rahman"]
[Result "1-0"]
[WhiteElo "1999"]
[BlackElo "1709"]
[PlyCount "51"]
[EventDate "2019.05.23"]
[EventType "swiss"]
[EventRounds "8"]
[EventCountry "BAN"]
[SourceTitle "EXT 2020"]
[Source "ChessBase"]
[SourceDate "2019.10.17"]
[SourceVersion "1"]
[SourceVersionDate "2019.10.17"]
[SourceQuality "1"]

1. e4 e5 2. Nf3 Nc6 3. Bb5 Nd4 4. Nxd4 exd4 5. 0-0 c6 6. Bc4 b5 7. Bb3 Bb7 8. c3 c5 9. cxd4 cxd4 10. d3 Nf6 11. Bg5 Be7 12. f4 0-0 13. Nd2 d5 14. Bxf6 Bxf6 15. e5 Be7 16. f5 Re8 17. Qg4 Rc8 18. f6 Bf8 19. Nf3 a5 20. Ng5 g6 21. e6 Rxe6 22. Nxe6 fxe6 23. Qxe6+ Kh8 24. Rae1 a4 25. Qf7 Bc6 26. Re7 1-0

[Event "Dhaka Powertec op-B"]
[Site "Dhaka"]
[Date "2017.07.15"]
[Round "1"]
[White "Md Saifur, Rahman"]
[Black "Faisal, Hossain"]
[Result "0-1"]
[WhiteElo "1709"]
[BlackElo "1991"]
[PlyCount "70"]
[EventDate "2017.07.15"]
[EventType "swiss"]
[EventRounds "9"]
[EventCountry "BAN"]
[SourceTitle "EXT 2018"]
[Source "ChessBase"]
[SourceDate "2017.10.13"]
[SourceVersion "1"]
[SourceVersionDate "2017.10.13"]
[SourceQuality "1"]

1. e4 e5 2. Nf3 Nc6 3. c3 d5 4. exd5 Qxd5 5. d3 Bf5 6. c4 Qd7 7. Be2 Rd8 8. 0-0 Bxd3 9. Re1 f6 10. Nc3 Bb4 11. Bd2 Nge7 12. a3 Bxc3 13. Bxc3 Bxe2 14. Qxe2 0-0 15. h3 Ng6 16. Rad1 Qf5 17. Qe3 Nf4 18. Kh2 Rfe8 19. Rd2 Rxd2 20. Nxd2 Rd8 21. Qe4 Qxe4 22. Nxe4 b6 23. Re3 Nd4 24. g4 Nde2 25. Ng3 Nxc3 26. bxc3 Rd2 27. Ne4 Ra2 28. c5 Rxa3 29. Kg3 Ra1 30. Kh2 Kf7 31. cxb6 cxb6 32. h4 Ke6 33. c4 Rc1 34. Nc3 Rc2 35. Kg3 Rxc3 0-1

[Event "Dhaka SGS op"]
[Site "Dhaka"]
[Date "2017.06.11"]
[Round "9"]
[White "Md Saifur, Rahman"]
[Black "Md Sajidul, Haque"]
[Result "1-0"]
[WhiteElo "1761"]
[BlackElo "1467"]
[PlyCount "63"]
[EventDate "2017.06.03"]
[EventType "swiss"]
[EventRounds "9"]
[EventCountry "BAN"]
[SourceTitle "EXT 2024"]
[Source "ChessBase"]
[SourceDate "2023.10.10"]
[SourceVersion "1"]
[SourceVersionDate "2023.10.10"]
[SourceQuality "1"]

1. d4 Nf6 2. c4 g6 3. Nc3 d6 4. e4 Nbd7 5. Nf3 Bg7 6. Bd3 b6 7. 0-0 0-0 8. h3 e5 9. d5 Nc5 10. Bc2 a6 11. b4 Nb7 12. Bg5 Bd7 13. Qd2 Re8 14. Bh6 Qc8 15. Bxg7 Kxg7 16. Nh2 Nh5 17. Ne2 Nd8 18. f4 exf4 19. Nxf4 Re5 20. Qf2 Nxf4 21. Qxf4 Rh5 22. Bd1 Re5 23. c5 f5 24. c6 Be8 25. Ng4 Nf7 26. Nxe5 dxe5 27. Qe3 f4 28. Qd3 Qd8 29. Qc3 Nd6 30. Qxe5+ Kg8 31. Rxf4 Nf7 32. Qf6 1-0